Statistics for Lord of the Flies Trivia

Click here to take the quiz!

General Stats

  • This quiz has been taken 424 times
  • The average score is 7 of 10

Answer Stats

HintAnswer% Correct
Who says that he doesn't mind "what they call [him] as long as they don't call [him] what they used to"?Piggy
96%
Who is the second to be killed?Piggy
96%
Who is elected as leader at the beginning of the novel?Ralph
87%
Who is the first to be killed?Simon
87%
Who says to the boys that the beast is "only us"?Simon
87%
For what reason are the boys in the plane?Atom bomb
55%
When was the book published?1954
52%
What note does Jack say he can sing in his reasoning for being chief?C#
50%
Who finds and rescues the boys at the end?Naval officer
35%
What does "Lord of the Flies" mean?Beelzebub
20%

Score Distribution

Percentile by Number Answered

Percent of People with Each Score

Your Score History

You have not taken this quiz